000 01139nam a2200301 a 4500
001 BRCA_5087
005 20190320204932.0
008 990311s2008####mx-ab####b---#000-0#spa-#
020 _a9789706262790
041 _aspa
044 _amx
050 4 _aF1219.3.C75
_b.B43 2008
100 1 _aBeauregard García, Lourdes
_912966
245 1 0 _aLa magia de los hilos
_barte y tradición en el textil de Veracruz
_cLourdes Beauregard García, Lourdes Aquino Rodríguez y Yosi Anaya ; fotografía Adrián Mendieta.
250 _a2
260 _aMéxico
_bEditora de Gobierno
_c2008
300 _a154 p.
_bil. a color, mapas
_c30 cm.
500 _aIncluye glosario e índice de fotografías
500 _aVer también número de sistema 1334 del Fondo Ruth Lechuga
504 _aBibliografía : p. 143-147
650 1 4 _aIndumentaria indígena
_zVeracruz (Estado)
_912967
650 1 4 _aIndustria textil indígena
_zVeracruz (Estado)
_912968
650 1 4 _aPrendas de vestir
_zVeracruz (Estado)
_912969
700 1 _aAquino Rodríguez, Lourdes
_912970
700 1 _aAnaya, Yosi
_912971
700 1 _aMendieta, Adrián
_912972
942 _2lcc
_cB
999 _c4781
_d4781